Statistics for Philadelphia 76ers: All-Star Selections

Click here to take the quiz!

General Stats

  • This quiz has been taken 213 times
    (15 since last reset)
  • The average score is 12 of 33

Answer Stats

Amount of SelectionsPlayer% Correct
8Allen Iverson
100%
7Joel Embiid
93%
3Wilt Chamberlain
93%
11Julius Erving
86%
1Tyrese Maxey
79%
3Ben Simmons
64%
6Charles Barkley
64%
12Dolph Schayes
64%
10Hal Greer
64%
4Moses Malone
64%
1Andre Iguodala
57%
4Billy Cunningham
57%
1Dikembe Mutombo
50%
1Hersey Hawkins
43%
4Maurice Cheeks
43%
2Andrew Toney
29%
2Bobby Jones
29%
2George McGinnis
21%
1Jrue Holiday
21%
1Theo Ratliff
21%
3Chet Walker
14%
4Doug Collins
14%
6Larry Costello
14%
3Red Kerr
14%
1Dana Barros
7%
1Luke Jackson
7%
1Bill Gabor
0%
1George Yardley
0%
1John Block
0%
1Lee Shaffer
0%
3Paul Seymour
0%
1Red Rocha
0%
1Steve Mix
0%

Score Distribution

Percentile by Number Answered

Percent of People with Each Score

Your Score History

You have not taken this quiz since the last reset